| 000 | 00370pab a2200145 454500 | ||
|---|---|---|---|
| 008 | 180718b1985 xxu||||| |||| 00| 0 eng d | ||
| 100 | _aFrank, Jeff | ||
| 245 | _aTrade union efficiency and over - employment with seniority wage scales | ||
| 260 | _c1985 | ||
| 300 | _a1021-34 | ||
| 362 | _aDec. | ||
| 650 | _aLabour Unions | ||
| 773 | _aEconomic Jr. | ||
| 909 | _a11963 | ||
| 999 |
_c11963 _d11963 |
||